| 000 | 01062naa a22002897a 4500 | ||
|---|---|---|---|
| 001 | BR9101132 | ||
| 003 | BR-BrBNA | ||
| 005 | 20240918180643.0 | ||
| 007 | ta | ||
| 008 | 230509b bl.||||| |||| 00| 0 por d | ||
| 040 |
_aBR-BrBNA _bpor _cBiblioteca Nacional de Agricultura |
||
| 041 | _a(Pt) | ||
| 072 |
_aM40 _b8490 _bG514 |
||
| 090 | _aM40 BR9101132 | ||
| 100 | 1 | _aMuller, A.C. de P. | |
| 100 | 1 | _aLana, P.C. | |
| 111 | 1 |
_a2. Seminario sobre Ciencias do Mar _cFlorianopolis, SC (Brazil) _d3-4 Dec 1987 |
|
| 245 | 1 | _aPadroes de ocorrencia de Teredinidae (Bivalvia:Mollusca)do litoral do Parana | |
| 260 | 3 |
_aFlorianopolis, SC (Brasil): _c1989. |
|
| 500 | _aAnais do 2. Seminario sobre Ciencias do Mar da UFSC Florianopolis, SC (Brasil): 1989. p. 146-154 (BR9101132-AM)M40 | ||
| 650 | _aMOLUSCO | ||
| 650 | _aDISTRIBUICAO GEOGRAFICA | ||
| 650 | _aPARANA | ||
| 773 | 0 |
_tAnais do 2. Seminario sobre Ciencias do Mar da UFSC _wM40 BR9101132 _gFlorianopolis, SC (Brasil), 1989. p. 146-154 |
|
| 909 |
_a202404 _bLucia _c55 _dLucia Elande |
||
| 942 |
_cAM _2AGRIS |
||
| 999 |
_c321519 _d321519 |
||